00995nam a22002417a 4500003000400000005001700004008004100021040002200062082001500084100003400099245002100133260005500154300003500209366000800244505015800252650004600410650005200456650005100508700004100559942002600600999001500626952011200641OSt20230914093628.0221006b |||||||| |||| 00| 0 eng d cBiblioteca Lado V a731bF181o 91046aFalcó, Raúletextos aEl Ojo Visitado/ bInstituto Nacional de Bellas Artesc1984aMéxico c19x19cma42p.bhojas separadas espa aEsfinje Eduarda y Tatiana El ángel caído Mi querida Frida Júntense pa´la foto Rayito de luna My dear Liberty Historia del Ojo tEnsamblajes 2Tesauro de Arte & ArquitecturaaARTE9703 2Tesauro de Arte & ArquitecturaaEXHIBICION9702 2Tesauro de Arte & ArquitecturaaESCULTURA9702 aHernández, Enriqueeensambles9609 2ddcc1h731iF181on0 c4308d4308 00102ddc319844070aLVbLVd2023-09-14i002637l0o731 F181op002637r2023-09-14 00:00:00w2023-09-14y1